Formes d'États de États Unis - Choix Multiple - Statistiques

Statistiques générales
  • Ce quiz a été pris 155 fois
  • Le résultat moyen est 11 sur 15
Statistiques - réponses
Question Réponse % Correct
Californie
98%
Texas
98%
Alaska
96%
Colorado
85%
Massachusetts
85%
Géorgie
77%
Washington
72%
Minnesota
68%
Iowa
66%
Illinois
66%
Vermont
64%
Arizona
60%
Missouri
51%
Virginie
51%
Dakota du Sud
38%
Aucun quiz correspondant
Distribution des résultats
% des personnes avec chaque résultat
Percentile par nombre de réponses
Votre historique - résultats
Vous n’avez pas pris ce quiz